[Event "17. Obert Int. Sant Marti 2015 - B"]
[Site "Barcelona ESP"]
[Date "2015.07.16"]
[Round "4.53"]
[White "Varela Cuadrado, Cesar"]
[Black "Romano Cases, Jordi"]
[Result "1-0"]
[WhiteElo "1876"]
[BlackElo "1700"]
[PlyCount "94"]
[EventDate "2015.07.13"]
[EventType "swiss"]
[EventRounds "9"]
[EventCountry "ESP"]
[SourceTitle "Ajedrez en Madrid"]
[Source "lmi"]
[SourceDate "2015.07.13"]
[SourceVersion "1"]
[SourceVersionDate "2019.06.21"]
[SourceQuality "1"]

1. e4 e5 2. Nf3 Nc6 3. d4 exd4 4. Nxd4 Nf6 5. Nxc6 bxc6 6. e5 Nd5 7. c4 Bb4+ 8.
Nd2 Nb6 9. a3 Bxd2+ 10. Bxd2 d6 11. Qe2 O-O 12. f4 Be6 13. b3 dxe5 14. fxe5 Qd4
15. Rd1 Bg4 16. Bb4 Qxd1+ 17. Qxd1 Bxd1 18. Kxd1 Rad8+ 19. Kc2 Rfe8 20. Bd3
Rxe5 21. Rd1 g6 22. Rf1 Re3 23. Rf3 Rxf3 24. gxf3 f5 25. Bc3 Kf7 26. h4 Nd7 27.
b4 Ke6 28. a4 Ne5 29. Be2 Rg8 30. f4 Nd7 31. c5 Ke7 32. Bf3 Nb8 33. Be5 Kd7 34.
Kc3 Kc8 35. Be2 Kb7 36. Bc4 Rd8 37. a5 a6 38. Be2 Nd7 39. Bd4 Re8 40. Bc4 Re4
41. Bg8 Rxf4 42. Bxh7 Rxh4 43. Bxg6 f4 44. Bf5 f3 45. Bxd7 Rh2 46. Bg4 f2 47.
Be2 Kc8 1-0

[Event "17. Obert Int. Sant Marti 2015 - B"]
[Site "Barcelona ESP"]
[Date "2015.07.16"]
[Round "4.54"]
[White "Bes Alvarez, Alex"]
[Black "Mas Sayos, Lluis"]
[Result "0-1"]
[WhiteElo "1743"]
[BlackElo "1863"]
[PlyCount "82"]
[EventDate "2015.07.13"]
[EventType "swiss"]
[EventRounds "9"]
[EventCountry "ESP"]
[SourceTitle "Ajedrez en Madrid"]
[Source "lmi"]
[SourceDate "2015.07.13"]
[SourceVersion "1"]
[SourceVersionDate "2019.06.21"]
[SourceQuality "1"]

1. d4 Nf6 2. c4 g6 3. g3 Bg7 4. Bg2 O-O 5. Nc3 c5 6. d5 d6 7. e4 Nbd7 8. Nge2
a6 9. O-O Rb8 10. a4 Ne5 11. b3 Bd7 12. f4 Neg4 13. Rb1 b5 14. h3 Nh6 15. axb5
axb5 16. cxb5 Kh8 17. Qd3 Qb6 18. b4 c4+ 19. Qe3 Qxe3+ 20. Bxe3 Bxb5 21. g4 Nd7
22. Bd4 Ng8 23. Bxg7+ Kxg7 24. Nd4 Ba6 25. g5 Bb7 26. h4 Nb6 27. f5 Ra8 28.
fxg6 hxg6 29. Ndb5 Na4 30. Nc7 Nxc3 31. Nxa8 Nxb1 32. Rxb1 Bxa8 33. Rc1 Rc8 34.
Bf1 c3 35. Bh3 Rc4 36. b5 Rxe4 37. Rxc3 Re1+ 38. Kf2 Rb1 39. Rc8 Bxd5 40. Rb8
e6 41. b6 Ne7 0-1

[Event "17. Obert Int. Sant Marti 2015 - B"]
[Site "Barcelona ESP"]
[Date "2015.07.16"]
[Round "4.55"]
[White "Cassi De La Viuda, Àlex"]
[Black "Gomez Guinovart, Josep Manel"]
[Result "1-0"]
[WhiteElo "1727"]
[BlackElo "1861"]
[PlyCount "50"]
[EventDate "2015.07.13"]
[EventType "swiss"]
[EventRounds "9"]
[EventCountry "ESP"]
[SourceTitle "Ajedrez en Madrid"]
[Source "lmi"]
[SourceDate "2015.07.13"]
[SourceVersion "1"]
[SourceVersionDate "2019.06.21"]
[SourceQuality "1"]

1. e4 e6 2. d4 d5 3. Nc3 Nf6 4. e5 Nfd7 5. Nf3 a6 6. Bd3 c5 7. Be3 cxd4 8. Nxd4
Nxe5 9. O-O Nxd3 10. Nf3 Nxb2 11. Qd4 Nc4 12. Qf4 Qf6 13. Qc7 Qd8 14. Qg3 Nxe3
15. fxe3 g6 16. Ng5 f6 17. Qf3 Qe7 18. Qxf6 Qxf6 19. Rxf6 Bg7 20. Nxe6 Bxf6 21.
Nc7+ Kd7 22. Nxa8 Bxc3 23. Nb6+ Kc6 24. Rb1 Bf5 25. Rb3 Ba5 1-0

[Event "17. Obert Int. Sant Marti 2015 - B"]
[Site "Barcelona ESP"]
[Date "2015.07.16"]
[Round "4.56"]
[White "Fungueiriño Pique, Daniel"]
[Black "Khudov, Oleksandr"]
[Result "0-1"]
[WhiteElo "1859"]
[BlackElo "1528"]
[PlyCount "68"]
[EventDate "2015.07.13"]
[EventType "swiss"]
[EventRounds "9"]
[EventCountry "ESP"]
[SourceTitle "Ajedrez en Madrid"]
[Source "lmi"]
[SourceDate "2015.07.13"]
[SourceVersion "1"]
[SourceVersionDate "2019.06.21"]
[SourceQuality "1"]

1. d4 d5 2. Nf3 c6 3. Nbd2 f5 4. g3 Nf6 5. Bg2 e6 6. O-O Bd6 7. c4 O-O 8. c5
Bc7 9. Ne5 Nbd7 10. Nxd7 Bxd7 11. Nf3 Ne4 12. Ne5 Bxe5 13. dxe5 Nxc5 14. f3 Bc8
15. b4 Nd7 16. Bb2 Qb6+ 17. Bd4 Qxb4 18. Rb1 Qe7 19. e4 fxe4 20. fxe4 c5 21.
exd5 cxd4 22. d6 Qg5 23. Rxf8+ Kxf8 24. Qxd4 Qxe5 25. Qh4 Nf6 26. Qb4 Ke8 27.
a4 Rb8 28. Re1 Qf5 29. Qd4 b6 30. Rc1 Bb7 31. Bxb7 Rxb7 32. Rc8+ Kf7 33. Rc7+
Rxc7 34. dxc7 Qb1+ 0-1

[Event "17. Obert Int. Sant Marti 2015 - B"]
[Site "Barcelona ESP"]
[Date "2015.07.16"]
[Round "4.57"]
[White "Bienvenido Kleque, Jose"]
[Black "Garcia Gil, Jose Antonio"]
[Result "0-1"]
[WhiteElo "1717"]
[BlackElo "1852"]
[PlyCount "132"]
[EventDate "2015.07.13"]
[EventType "swiss"]
[EventRounds "9"]
[EventCountry "ESP"]
[SourceTitle "Ajedrez en Madrid"]
[Source "lmi"]
[SourceDate "2015.07.13"]
[SourceVersion "1"]
[SourceVersionDate "2019.06.21"]
[SourceQuality "1"]

1. Nf3 Nf6 2. b3 g6 3. Bb2 Bg7 4. e3 O-O 5. c4 d6 6. d4 Bg4 7. Nbd2 Nbd7 8. Be2
b6 9. O-O Re8 10. h3 Bf5 11. Re1 Be4 12. Nxe4 Nxe4 13. Bd3 Nec5 14. Be2 Nb7 15.
Qc2 e6 16. Rad1 c6 17. Rd2 d5 18. Rc1 Nf6 19. Qd1 Rc8 20. Rdc2 Nd6 21. cxd5
cxd5 22. Rxc8 Nxc8 23. Bb5 Nd7 24. Qc2 Nd6 25. Bd3 Qb8 26. Qc7 Nf6 27. Qxb8
Rxb8 28. Rc7 Rb7 29. Rxb7 Nxb7 30. Ne5 Nd8 31. Ba3 Bf8 32. Bxf8 Kxf8 33. Kf1
Ke7 34. Ke2 Nd7 35. Nf3 f6 36. Bb5 Nb8 37. Kd2 a6 38. Bd3 Ndc6 39. a3 Kf7 40.
Kc2 a5 41. a4 Nb4+ 42. Kc3 Nxd3 43. Kxd3 Nc6 44. Ne1 e5 45. Nc2 e4+ 46. Kc3 Ke6
47. Kd2 h5 48. Ke2 h4 49. Kd2 f5 50. Ke2 g5 51. f3 Nb4 52. Nxb4 axb4 53. Kf2
Kf6 54. fxe4 dxe4 55. Ke2 Ke6 56. Kf2 Kd5 57. Ke2 f4 58. Kf2 Kd6 59. Ke2 fxe3
60. Kxe3 Kd5 61. Ke2 Kxd4 62. Kd2 e3+ 63. Ke2 Kc3 64. Kxe3 Kxb3 65. Kd2 Ka2 66.
Kc1 b3 0-1

[Event "17. Obert Int. Sant Marti 2015 - B"]
[Site "Barcelona ESP"]
[Date "2015.07.16"]
[Round "4.58"]
[White "Cort Hidalgo, Jordi"]
[Black "Minko, Uliana"]
[Result "1-0"]
[WhiteElo "1850"]
[BlackElo "1270"]
[PlyCount "129"]
[EventDate "2015.07.13"]
[EventType "swiss"]
[EventRounds "9"]
[EventCountry "ESP"]
[SourceTitle "Ajedrez en Madrid"]
[Source "lmi"]
[SourceDate "2015.07.13"]
[SourceVersion "1"]
[SourceVersionDate "2019.06.21"]
[SourceQuality "1"]

1. e4 e6 2. d4 d5 3. Nc3 dxe4 4. Nxe4 Bd7 5. Nf3 Bc6 6. Bd3 Nd7 7. O-O Ngf6 8.
Bg5 h6 9. Bxf6 Nxf6 10. Qe2 Nxe4 11. Bxe4 Bxe4 12. Qxe4 c6 13. Rfe1 Bd6 14. Ne5
O-O 15. Rad1 Qf6 16. Nd7 Qg5 17. Nxf8 Rxf8 18. g3 h5 19. c4 b6 20. Qxc6 Bb8 21.
d5 exd5 22. Re8 Be5 23. Rxf8+ Kxf8 24. Qxd5 g6 25. Qd8+ Qxd8 26. Rxd8+ Kg7 27.
b3 Bf6 28. Ra8 a5 29. a4 Bd4 30. Kg2 g5 31. Rd8 Bc5 32. Rd5 Kf6 33. h4 Be7 34.
hxg5+ Kg6 35. f4 f6 36. Rb5 Bc5 37. gxf6 Kxf6 38. Kf3 Kf5 39. Rxc5+ bxc5 40.
Ke3 Kg4 41. Ke4 Kxg3 42. f5 h4 43. f6 h3 44. f7 h2 45. f8=Q h1=Q+ 46. Ke5 Qa1+
47. Kd5 Qd4+ 48. Kc6 Qc3 49. Qg8+ Kf4 50. Qf7+ Ke4 51. Qg6+ Kf4 52. Qd6+ Ke4
53. Qd5+ Kf4 54. Qxc5 Qxb3 55. Qd6+ Kg4 56. Qe6+ Kg3 57. Qe5+ Kf3 58. Qd5+ Kf4
59. Qb5 Qf3+ 60. Kb6 Qc3 61. c5 Ke4 62. c6 Qd4+ 63. Kb7 Kf3 64. c7 Qe4+ 65. Qc6
1-0

[Event "17. Obert Int. Sant Marti 2015 - B"]
[Site "Barcelona ESP"]
[Date "2015.07.16"]
[Round "4.59"]
[White "Jimenez Rimblas, Raul"]
[Black "Izquierdo Pujol, Pol"]
[Result "1-0"]
[WhiteElo "1708"]
[BlackElo "1832"]
[PlyCount "57"]
[EventDate "2015.07.13"]
[EventType "swiss"]
[EventRounds "9"]
[EventCountry "ESP"]
[SourceTitle "Ajedrez en Madrid"]
[Source "lmi"]
[SourceDate "2015.07.13"]
[SourceVersion "1"]
[SourceVersionDate "2019.06.21"]
[SourceQuality "1"]

1. e4 c5 2. Nf3 a6 3. d4 cxd4 4. Nxd4 Nf6 5. Nc3 e5 6. Nf3 Bb4 7. Bd2 Qa5 8. a3
Bxc3 9. Bxc3 Qc7 10. Bxe5 Qc6 11. Bxf6 Qxf6 12. Bc4 Qxb2 13. O-O O-O 14. Ra2
Qc3 15. Bd5 Nc6 16. Qa1 Qxa1 17. Raxa1 d6 18. Rab1 Ra7 19. c4 Be6 20. Rfd1 Na5
21. Rb4 Rc8 22. Bxe6 fxe6 23. Rxd6 Nxc4 24. Rxe6 Nxa3 25. g3 b5 26. Rd6 a5 27.
Rbd4 b4 28. Ne5 Nb5 29. Rd8+ 1-0

[Event "17. Obert Int. Sant Marti 2015 - B"]
[Site "Barcelona ESP"]
[Date "2015.07.16"]
[Round "4.60"]
[White "Siegel, Rainer"]
[Black "Ani, Virgil"]
[Result "0-1"]
[WhiteElo "1647"]
[BlackElo "1826"]
[PlyCount "82"]
[EventDate "2015.07.13"]
[EventType "swiss"]
[EventRounds "9"]
[EventCountry "ESP"]
[SourceTitle "Ajedrez en Madrid"]
[Source "lmi"]
[SourceDate "2015.07.13"]
[SourceVersion "1"]
[SourceVersionDate "2019.06.21"]
[SourceQuality "1"]

1. d3 d5 2. Nd2 Nf6 3. e3 e5 4. Ne2 Nc6 5. Ng3 Ng4 6. Be2 f5 7. e4 g6 8. exd5
Qxd5 9. Bf3 Qc5 10. Bxg4 fxg4 11. Nge4 Qe7 12. Nc4 Bg7 13. Bg5 Qe6 14. Qd2 h6
15. Be3 O-O 16. O-O h5 17. Bg5 b6 18. Rae1 Ba6 19. b3 Nd4 20. c3 Nf5 21. f4
gxf3 22. Rxf3 Bxc4 23. bxc4 Rf7 24. Qe2 Raf8 25. d4 c6 26. dxe5 Re8 27. Bf6 Qd7
28. Bxg7 Kxg7 29. Ng5 Rfe7 30. e6 Qd6 31. Qe5+ Qxe5 32. Rxe5 Kf6 33. Rexf5+
gxf5 34. Ne4+ Kg6 35. Ng3 Rxe6 36. Nxf5 Re1+ 37. Kf2 R8e2+ 38. Kg3 Rg1 39. Nh4+
Kg7 40. Rf5 Re3+ 41. Kf2 Rge1 0-1

[Event "17. Obert Int. Sant Marti 2015 - B"]
[Site "Barcelona ESP"]
[Date "2015.07.16"]
[Round "4.61"]
[White "Porta Chicote, David"]
[Black "Jimenez Dominguez, Albert"]
[Result "0-1"]
[WhiteElo "1753"]
[BlackElo "1927"]
[PlyCount "120"]
[EventDate "2015.07.13"]
[EventType "swiss"]
[EventRounds "9"]
[EventCountry "ESP"]
[SourceTitle "Ajedrez en Madrid"]
[Source "lmi"]
[SourceDate "2015.07.13"]
[SourceVersion "1"]
[SourceVersionDate "2019.06.21"]
[SourceQuality "1"]

1. e4 e5 2. Bc4 Bc5 3. Nf3 Nc6 4. O-O d6 5. d3 Nf6 6. Be3 Bb6 7. Bxb6 axb6 8.
a3 Bg4 9. Nbd2 O-O 10. h3 Bh5 11. c3 Kh8 12. Qc2 Bg6 13. Rfe1 Na5 14. Ba2 Nc6
15. Rad1 Ra5 16. Nc4 Ra8 17. Nh4 Bh5 18. f3 Nd7 19. Nf5 Qg5 20. Qd2 Qf6 21. Rf1
Qe6 22. d4 Na5 23. d5 Nxc4 24. Bxc4 Qf6 25. Rde1 Bg6 26. g4 Bxf5 27. gxf5 Rg8
28. Kh2 Qh4 29. Rg1 Nf6 30. Qg5 Qf2+ 31. Qg2 Qxg2+ 32. Rxg2 Nh5 33. Rg4 Nf4 34.
Reg1 Ra4 35. Bb5 Ra5 36. a4 Raa8 37. b3 g6 38. fxg6 hxg6 39. Rg5 Kg7 40. R5g4
Rh8 41. h4 Rh5 42. Kg3 Rc8 43. Rh1 Rch8 44. Kf2 Kf6 45. Bf1 Ke7 46. c4 f6 47.
Kg3 Kf7 48. Bg2 Ne2+ 49. Kf2 Nd4 50. f4 Nxb3 51. Ke3 Nc5 52. Bf3 R5h6 53. Bd1
Nd7 54. fxe5 Nxe5 55. Rg3 Rxh4 56. Rhg1 g5 57. Kd4 Rf4 58. Bg4 Rh4 59. Be6+ Ke7
60. Bf5 Rxf5 0-1

[Event "17. Obert Int. Sant Marti 2015 - B"]
[Site "Barcelona ESP"]
[Date "2015.07.16"]
[Round "4.62"]
[White "Pascual Gonzalez-Novelles, David"]
[Black "Grasa Solanas, Oscar"]
[Result "1-0"]
[WhiteElo "1869"]
[BlackElo "1682"]
[PlyCount "63"]
[EventDate "2015.07.13"]
[EventType "swiss"]
[EventRounds "9"]
[EventCountry "ESP"]
[SourceTitle "Ajedrez en Madrid"]
[Source "lmi"]
[SourceDate "2015.07.13"]
[SourceVersion "1"]
[SourceVersionDate "2019.06.21"]
[SourceQuality "1"]

1. e4 c5 2. c4 Nc6 3. Nf3 e5 4. b3 d6 5. Nc3 Bg4 6. Be2 h5 7. h3 Be6 8. d3 Nd4
9. Nxd4 cxd4 10. Nb1 g6 11. Nd2 Qa5 12. O-O Qc7 13. Nf3 h4 14. Ng5 Bd7 15. Bg4
Bc6 16. f4 f6 17. Ne6 Qe7 18. Ba3 b6 19. fxe5 Kf7 20. Bxd6 Qb7 21. Nxf8 Rxf8
22. Bxf8 Kxf8 23. Be6 Qe7 24. Bxg8 Rxg8 25. Rxf6+ Kg7 26. Qg4 Be8 27. Raf1 Qxe5
28. Re6 Qb8 29. Rff6 Qd8 30. Rxg6+ Bxg6 31. Qxg6+ Kf8 32. Rf6+ 1-0

[Event "17. Obert Int. Sant Marti 2015 - B"]
[Site "Barcelona ESP"]
[Date "2015.07.16"]
[Round "4.63"]
[White "Borja Casas, Jordi"]
[Black "Castilla Casanova, Víctor"]
[Result "0-1"]
[WhiteElo "1764"]
[BlackElo "1713"]
[PlyCount "100"]
[EventDate "2015.07.13"]
[EventType "swiss"]
[EventRounds "9"]
[EventCountry "ESP"]
[SourceTitle "Ajedrez en Madrid"]
[Source "lmi"]
[SourceDate "2015.07.13"]
[SourceVersion "1"]
[SourceVersionDate "2019.06.21"]
[SourceQuality "1"]

1. e4 e5 2. Nf3 Nc6 3. d4 exd4 4. Nxd4 Nf6 5. Nxc6 bxc6 6. e5 Qe7 7. Bf4 Nd5 8.
Qd2 d6 9. Bg3 g6 10. Nc3 Nb6 11. Bc4 Nxc4 12. Qc1 Nxe5 13. O-O Bg7 14. Re1 g5
15. Ne4 f6 16. Qe3 O-O 17. h4 f5 18. Qxg5 Qxg5 19. Nxg5 h6 20. Bxe5 Bxe5 21.
Nh3 f4 22. c3 Kh7 23. Kh1 Bb7 24. f3 Rae8 25. Re4 c5 26. Re2 Bf6 27. Nxf4 Rxe2
28. Nxe2 Bxh4 29. b4 Re8 30. Nf4 cxb4 31. cxb4 Re1+ 32. Rxe1 Bxe1 33. b5 c5 34.
bxc6 Bxc6 35. Kg1 Bg3 36. Ne2 Bh4 37. Nd4 Bd7 38. Kf1 Kg6 39. Ke2 Kg5 40. Ke3
Be1 41. g4 Ba5 42. Ke4 Bb6 43. Ne2 Bc6+ 44. Kd3 Bxf3 45. Nc3 Bxg4 46. Nb5 d5
47. Nc3 h5 48. Kd2 Ba5 49. Kc2 Bxc3 50. Kxc3 h4 0-1

[Event "17. Obert Int. Sant Marti 2015 - B"]
[Site "Barcelona ESP"]
[Date "2015.07.16"]
[Round "4.64"]
[White "Blanes Gay, Sir Nil"]
[Black "Pico Garcia, Antonio"]
[Result "1/2-1/2"]
[WhiteElo "1679"]
[BlackElo "1821"]
[PlyCount "97"]
[EventDate "2015.07.13"]
[EventType "swiss"]
[EventRounds "9"]
[EventCountry "ESP"]
[SourceTitle "Ajedrez en Madrid"]
[Source "lmi"]
[SourceDate "2015.07.13"]
[SourceVersion "1"]
[SourceVersionDate "2019.06.21"]
[SourceQuality "1"]

1. e4 d5 2. exd5 Qxd5 3. Nc3 Qa5 4. Nf3 Nf6 5. Bc4 c6 6. d4 Bf5 7. Bf4 e6 8. a3
Be7 9. O-O Nbd7 10. Re1 Qd8 11. Qd2 Bg4 12. Ne5 O-O 13. Nxg4 Nxg4 14. f3 Ngf6
15. Rad1 Nh5 16. Be3 Bd6 17. Ne4 Bc7 18. Qf2 Bf4 19. b4 Bxe3 20. Rxe3 Nf4 21.
Qg3 Ng6 22. f4 Nb6 23. Bb3 Nd5 24. Bxd5 Qxd5 25. Nc5 Qh5 26. Red3 b6 27. Nd7
Rfd8 28. Ne5 Nxe5 29. fxe5 Qe2 30. Qf2 Qh5 31. c3 Rf8 32. Qf3 Qg6 33. Qxc6 Rac8
34. Qf3 f6 35. Qg3 Qe8 36. exf6 Rxf6 37. Rf1 Rg6 38. Qf2 Rf6 39. Rf3 Rxf3 40.
Qxf3 Qe7 41. d5 exd5 42. Qxd5+ Kh8 43. c4 Qe3+ 44. Rf2 Qe1+ 45. Rf1 Qe3+ 46.
Kh1 h6 47. Qf3 Qxf3 48. Rxf3 Rxc4 49. h3 1/2-1/2

[Event "17. Obert Int. Sant Marti 2015 - B"]
[Site "Barcelona ESP"]
[Date "2015.07.16"]
[Round "4.65"]
[White "Castellvell Diez, Maria Nuria"]
[Black "Cassi Gimeno, Jordi"]
[Result "0-1"]
[WhiteElo "1566"]
[BlackElo "1747"]
[PlyCount "50"]
[EventDate "2015.07.13"]
[EventType "swiss"]
[EventRounds "9"]
[EventCountry "ESP"]
[SourceTitle "Ajedrez en Madrid"]
[Source "lmi"]
[SourceDate "2015.07.13"]
[SourceVersion "1"]
[SourceVersionDate "2019.06.21"]
[SourceQuality "1"]

1. e4 c5 2. Nf3 a6 3. Be2 Nc6 4. O-O e5 5. b3 g6 6. Bb2 Bg7 7. c4 d6 8. Nc3
Nge7 9. Na4 O-O 10. Ba3 f5 11. Qb1 Rb8 12. Rd1 b6 13. d4 exd4 14. b4 fxe4 15.
Ng5 d3 16. Bg4 Bxg4 17. Ne6 Bxe6 18. b5 axb5 19. cxb5 Na7 20. f3 exf3 21. Rf1
fxg2 22. Rd1 Bd4+ 23. Kxg2 Bd5+ 24. Kg3 Nf5+ 25. Kg4 Qh4# 0-1

[Event "17. Obert Int. Sant Marti 2015 - B"]
[Site "Barcelona ESP"]
[Date "2015.07.16"]
[Round "4.66"]
[White "Trabado Nieto, David"]
[Black "Perez Serrallonga, Maxima"]
[Result "0-1"]
[WhiteElo "1722"]
[BlackElo "1655"]
[PlyCount "146"]
[EventDate "2015.07.13"]
[EventType "swiss"]
[EventRounds "9"]
[EventCountry "ESP"]
[SourceTitle "Ajedrez en Madrid"]
[Source "lmi"]
[SourceDate "2015.07.13"]
[SourceVersion "1"]
[SourceVersionDate "2019.06.21"]
[SourceQuality "1"]

1. d4 d5 2. c4 dxc4 3. e4 e6 4. Bxc4 c6 5. Nf3 b5 6. Bd3 Nd7 7. O-O c5 8. Bxb5
Rb8 9. Nc3 Rb6 10. Ba4 Be7 11. dxc5 Bxc5 12. Bf4 Rxb2 13. Bb3 Ne7 14. Qc1 Ba3
15. Bd6 Rxf2 16. Bxa3 Rxf1+ 17. Qxf1 O-O 18. Ng5 h6 19. Nf3 e5 20. Nb1 Bb7 21.
Nbd2 Nf6 22. Rd1 Re8 23. Nc4 Qc7 24. Nd6 Rb8 25. Nxf7 Kf8 26. Bd6 Qb6+ 27. Qf2
Qxf2+ 28. Kxf2 Rc8 29. Be6 Rc2+ 30. Ke1 Nxe4 31. Bc7 Nc6 32. Bd5 Nf2 33. Bd6+
Ke8 34. Rb1 Ba6 35. N7xe5 Re2+ 36. Kf1 Rb2+ 37. Ke1 Rxb1+ 38. Kxf2 Nxe5 39.
Nxe5 Rb2+ 40. Kf3 g5 41. Bc6+ Kd8 42. Nf7+ Kc8 43. Ke4 Re2+ 44. Kf5 Rf2+ 45.
Ke6 Bc4+ 46. Ke7 Re2+ 47. Ne5 a5 48. Kf8 Rf2+ 49. Kg7 Bxa2 50. Kxh6 Rf6+ 51.
Kxg5 Rxd6 52. h4 Bb1 53. g4 Kc7 54. Be8 Rd5 55. Kf6 Kd6 56. Nf7+ Kc7 57. h5 Rd4
58. g5 Rf4+ 59. Ke5 Re4+ 60. Kf6 Rxe8 61. h6 Rf8 62. g6 Bxg6 63. Kxg6 Kd7 64.
h7 Ke7 65. Kg5 Kxf7 66. Kh6 a4 67. h8=Q Rxh8+ 68. Kg5 a3 69. Kg4 a2 70. Kg3
a1=Q 71. Kg2 Qf6 72. Kg1 Rg8+ 73. Kh1 Qh6# 0-1

[Event "17. Obert Int. Sant Marti 2015 - B"]
[Site "Barcelona ESP"]
[Date "2015.07.16"]
[Round "4.67"]
[White "Ortega Farrus, Alfonso"]
[Black "Martimpé Burgués, Xavier"]
[Result "1-0"]
[WhiteElo "1704"]
[BlackElo "1611"]
[PlyCount "61"]
[EventDate "2015.07.13"]
[EventType "swiss"]
[EventRounds "9"]
[EventCountry "ESP"]
[SourceTitle "Ajedrez en Madrid"]
[Source "lmi"]
[SourceDate "2015.07.13"]
[SourceVersion "1"]
[SourceVersionDate "2019.06.21"]
[SourceQuality "1"]

1. c4 e5 2. Nc3 Nf6 3. d3 Bb4 4. e4 Nc6 5. g3 d6 6. Bg2 O-O 7. Nge2 Bg4 8. O-O
Bxc3 9. bxc3 h6 10. Rb1 b6 11. Re1 Qd7 12. Bd2 Bh3 13. Bh1 Nh7 14. Qa4 Ng5 15.
d4 Qg4 16. Bxg5 Nd8 17. Bxd8 Rfxd8 18. Qc2 h5 19. Qd2 h4 20. Qe3 Rf8 21. Qf3
Qg5 22. Qe3 Qg4 23. dxe5 dxe5 24. Rbd1 f5 25. exf5 Rxf5 26. Bxa8 Qg6 27. Be4
hxg3 28. Nxg3 c5 29. Bxf5 Bxf5 30. Qxe5 Bh3 31. Qe8+ 1-0

[Event "17. Obert Int. Sant Marti 2015 - B"]
[Site "Barcelona ESP"]
[Date "2015.07.16"]
[Round "4.68"]
[White "Tordera Jumilla, Joaquim"]
[Black "Porta Guiu, Lourdes"]
[Result "1-0"]
[WhiteElo "1545"]
[BlackElo "1700"]
[PlyCount "87"]
[EventDate "2015.07.13"]
[EventType "swiss"]
[EventRounds "9"]
[EventCountry "ESP"]
[SourceTitle "Ajedrez en Madrid"]
[Source "lmi"]
[SourceDate "2015.07.13"]
[SourceVersion "1"]
[SourceVersionDate "2019.06.21"]
[SourceQuality "1"]

1. d4 d5 2. c4 c6 3. Bg5 h6 4. Bh4 dxc4 5. Nc3 b5 6. Nf3 Qa5 7. Nd2 e6 8. a3
Ne7 9. e3 Ng6 10. Bg3 b4 11. Nxc4 Qd8 12. axb4 Bxb4 13. Bd3 O-O 14. O-O Bb7 15.
Be4 Nd7 16. Qb3 Bxc3 17. Qxb7 Qc8 18. Bxc6 Qxb7 19. Bxb7 Rab8 20. Bxb8 Nxb8 21.
bxc3 Nd7 22. Rxa7 Nf6 23. Ra8 Nh5 24. g3 f6 25. Ra5 Rf7 26. Nd6 Rd7 27. Ra6 Kf8
28. Bf3 Ke7 29. Nc8+ Kd8 30. Bxh5 Nf8 31. Ra8 Kc7 32. Rfa1 Rd5 33. R1a7+ Kc6
34. Bf3 Ng6 35. Ra6+ Kb7 36. Bxd5+ exd5 37. R8a7+ Kxc8 38. Rxg7 Nf8 39. Rg8 Kb7
40. Rxf6 Nd7 41. Rxh6 Nb6 42. f4 Nc8 43. Rg7+ Kb8 44. Rh8 1-0

[Event "17. Obert Int. Sant Marti 2015 - B"]
[Site "Barcelona ESP"]
[Date "2015.07.16"]
[Round "4.70"]
[White "Navarro Oliva, Ivan Tomás"]
[Black "Ramos Fernández, Pilar"]
[Result "1-0"]
[WhiteElo "1686"]
[BlackElo "1609"]
[PlyCount "69"]
[EventDate "2015.07.13"]
[EventType "swiss"]
[EventRounds "9"]
[EventCountry "ESP"]
[SourceTitle "Ajedrez en Madrid"]
[Source "lmi"]
[SourceDate "2015.07.13"]
[SourceVersion "1"]
[SourceVersionDate "2019.06.21"]
[SourceQuality "1"]

1. e4 d5 2. exd5 Nf6 3. Bc4 Bf5 4. Nc3 e6 5. dxe6 Bxe6 6. Bxe6 fxe6 7. Nf3 Bc5
8. d4 Bb4 9. O-O Nc6 10. Bd2 Qd6 11. a3 Ba5 12. b4 Bb6 13. Nb5 Qd5 14. a4 Qh5
15. Be3 O-O 16. a5 Qxb5 17. axb6 Nxb4 18. bxa7 Nbd5 19. Qd3 Qe8 20. Bd2 Nh5 21.
c4 Ndf4 22. Qe4 Rf6 23. Ng5 h6 24. Qh7+ Kf8 25. Qh8+ Ke7 26. Qxe8+ Kxe8 27. Ne4
Ne2+ 28. Kh1 Rf5 29. g4 Neg3+ 30. hxg3 Nxg3+ 31. Nxg3 Rf3 32. Be3 Rf6 33. Rfb1
b6 34. c5 Rg6 35. f3 1-0

[Event "17. Obert Int. Sant Marti 2015 - B"]
[Site "Barcelona ESP"]
[Date "2015.07.17"]
[Round "5.1"]
[White "Madrid Sole, Antonio"]
[Black "Chakrabarti, Tamal"]
[Result "1/2-1/2"]
[WhiteElo "2031"]
[BlackElo "2009"]
[PlyCount "124"]
[EventDate "2015.07.13"]
[EventType "swiss"]
[EventRounds "9"]
[EventCountry "ESP"]
[SourceTitle "Ajedrez en Madrid"]
[Source "lmi"]
[SourceDate "2015.07.13"]
[SourceVersion "1"]
[SourceVersionDate "2019.06.21"]
[SourceQuality "1"]

1. d4 c5 2. e3 e6 3. Bd3 Nf6 4. Nf3 b6 5. O-O Bb7 6. Nbd2 d5 7. c3 Be7 8. dxc5
bxc5 9. Qe2 O-O 10. e4 Nc6 11. Rd1 Qc7 12. exd5 exd5 13. Nf1 Rfe8 14. Re1 Bd6
15. Qd1 Rxe1 16. Qxe1 Re8 17. Qd1 h6 18. Ng3 Ng4 19. Bf5 Nf6 20. Be3 g6 21. Bh3
h5 22. Bg5 Nh7 23. Qd2 Ne5 24. Nxe5 Nxg5 25. Qxg5 Rxe5 26. Qh6 Bf8 27. Qd2 Qe7
28. b3 Kh7 29. Qd3 Bg7 30. Nf1 Re1 31. Rxe1 Qxe1 32. c4 d4 33. g3 Be4 34. Qd2
Qb1 35. Bg2 Bc2 36. Bd5 d3 37. Bxf7 Qa1 38. Kg2 Qc3 39. Qg5 Qf6 40. Qxf6 Bxf6
41. Bd5 Bc3 42. Bf3 Bb1 43. Ne3 Bd4 44. Nd5 Bxa2 45. Bd1 Bb1 46. Kf1 Bc2 47.
Ke1 Bxf2+ 48. Kd2 Bg1 49. h3 Bh2 50. Bxc2 dxc2 51. Nf6+ Kg7 52. Ne4 Bg1 53.
Kxc2 Kf7 54. Kd3 Ke6 55. Ng5+ Kf5 56. Ne4 Ke5 57. Ng5 Kf5 58. Ne4 g5 59. Nd6+
Ke5 60. Ne4 Kf5 61. Nd6+ Ke5 62. Ne4 Kf5 1/2-1/2

[Event "17. Obert Int. Sant Marti 2015 - B"]
[Site "Barcelona ESP"]
[Date "2015.07.17"]
[Round "5.2"]
[White "Riu Lopez, Sergi"]
[Black "Garcia Ruiz, Adrian"]
[Result "1-0"]
[WhiteElo "2018"]
[BlackElo "2044"]
[PlyCount "101"]
[EventDate "2015.07.13"]
[EventType "swiss"]
[EventRounds "9"]
[EventCountry "ESP"]
[SourceTitle "Ajedrez en Madrid"]
[Source "lmi"]
[SourceDate "2015.07.13"]
[SourceVersion "1"]
[SourceVersionDate "2019.06.21"]
[SourceQuality "1"]

1. e4 c5 2. Nf3 d6 3. d4 cxd4 4. Nxd4 Nf6 5. Nc3 a6 6. Be3 e6 7. Be2 Be7 8. O-O
Qc7 9. f4 Nc6 10. Qe1 Nxd4 11. Bxd4 e5 12. Be3 exf4 13. Bxf4 Be6 14. Kh1 Nd7
15. Qg3 g6 16. Rad1 Ne5 17. a3 O-O 18. Rd2 Rfd8 19. Rfd1 Bf8 20. h3 Bg7 21. Qf2
b5 22. Bf1 Rac8 23. Nd5 Bxd5 24. Rxd5 Qxc2 25. Qxc2 Rxc2 26. Bxe5 Bxe5 27. Rxe5
Rxb2 28. Red5 Ra2 29. R1d3 Ra1 30. Kg1 f6 31. Kf2 Kf7 32. Be2 Ke7 33. Rc3 Ke6
34. Rdd3 f5 35. exf5+ Kxf5 36. Rc7 h5 37. Ra7 Ke5 38. Rxa6 b4 39. axb4 Rxa6 40.
Re3+ Kd4 41. Bxa6 d5 42. Ke2 Rd6 43. Rd3+ Ke4 44. Bb7 Ke5 45. Rxd5+ Rxd5 46.
Bxd5 Kxd5 47. Kd3 g5 48. g3 h4 49. g4 Ke5 50. Ke3 Kd5 51. b5 1-0